[Event "ROM-ch U20 Girls"]
[Site "Calimanesti Caciulata"]
[Date "2018.03.28"]
[Round "2"]
[White "Cimpean, Andra"]
[Black "Toba, Andreea Valentina"]
[Result "1/2-1/2"]
[WhiteElo "1881"]
[BlackElo "1576"]
[PlyCount "82"]
[EventDate "2018.03.27"]
[EventType "tourn"]
[EventRounds "7"]
[EventCountry "ROU"]
[SourceTitle "EXT 2019"]
[Source "ChessBase"]
[SourceDate "2018.10.10"]
[SourceVersion "1"]
[SourceVersionDate "2018.10.10"]
[SourceQuality "1"]

1. e4 g6 2. d4 Bg7 3. Nc3 d6 4. Be3 a6 5. Qd2 Nd7 6. f3 b5 7. g4 h6 8. h4 Bb7 9. 0-0-0 Rc8 10. Kb1 c5 11. Nce2 a5 12. Ng3 b4 13. Bb5 Bc6 14. Ba6 Ra8 15. Bf1 Qb6 16. h5 cxd4 17. Bxd4 Bxd4 18. Qxd4 Qxd4 19. Rxd4 g5 20. Rh2 Ngf6 21. Rhd2 Ne5 22. Nf5 Rd8 23. Ne3 Rc8 24. Rd1 Bd7 25. Be2 0-0 26. Nd5 Nxd5 27. Rxd5 Nc6 28. Bb5 Ra8 29. e5 Rac8 30. exd6 e6 31. R5d2 Rfd8 32. Ne2 Ne5 33. Bxd7 Rxd7 34. Ng1 Nc4 35. Rd3 Rc6 36. Ne2 Ne5 37. Re3 Nc4 38. Red3 Ne5 39. Re3 Nc4 40. Red3 Ne5 41. Re3 Nc4 1/2-1/2

[Event "ROM-ch U18 Girls"]
[Site "Baile Felix"]
[Date "2017.02.06"]
[Round "6"]
[White "Stanciu, Andreea Briana"]
[Black "Toba, Andreea Valentina"]
[Result "1/2-1/2"]
[WhiteElo "1988"]
[BlackElo "1548"]
[PlyCount "79"]
[EventDate "2017.02.02"]
[EventType "swiss"]
[EventRounds "9"]
[EventCountry "ROU"]
[SourceTitle "CBM 176 Extra"]
[Source "ChessBase"]
[SourceDate "2017.03.02"]
[SourceVersion "1"]
[SourceVersionDate "2017.03.02"]
[SourceQuality "1"]

1. e4 e5 2. Nf3 Nc6 3. Bc4 Bc5 4. c3 Nf6 5. d3 0-0 6. Nbd2 d6 7. h3 a6 8. Bb3 Ne7 9. Nf1 h6 10. Ng3 Ng6 11. Nh2 d5 12. Qe2 d4 13. Ng4 Kh7 14. Bd2 Qd6 15. 0-0-0 b5 16. Qf3 Nh4 17. Nxf6+ Qxf6 18. Qxf6 gxf6 19. cxd4 Bxd4 20. Ne2 Bc5 21. Bd5 Rb8 22. d4 Bd6 23. g3 Ng6 24. Be3 Be6 25. Bxe6 fxe6 26. f4 exd4 27. Nxd4 Bc5 28. Rhe1 Bxd4 29. Bxd4 e5 30. Bc5 Rf7 31. f5 Nf8 32. Re3 Nd7 33. Ba7 Rb7 34. Red3 c5 35. Rxd7 Rfxd7 36. Bxc5 Rxd1+ 37. Kxd1 Rc7 38. b4 h5 39. Ke2 Rc8 40. Kf3 1/2-1/2

[Event "ROM-ch U18 Girls"]
[Site "Baile Felix"]
[Date "2017.02.03"]
[Round "2"]
[White "Toba, Andreea Valentina"]
[Black "Bejan, Clarisa Iustina"]
[Result "1/2-1/2"]
[WhiteElo "1548"]
[BlackElo "1500"]
[PlyCount "98"]
[EventDate "2017.02.02"]
[EventType "swiss"]
[EventRounds "9"]
[EventCountry "ROU"]
[SourceTitle "CBM 176 Extra"]
[Source "ChessBase"]
[SourceDate "2017.03.02"]
[SourceVersion "1"]
[SourceVersionDate "2017.03.02"]
[SourceQuality "1"]

1. e4 c5 2. Nf3 e6 3. d4 cxd4 4. Nxd4 a6 5. Nc3 Qc7 6. Bd3 Nf6 7. 0-0 b5 8. a4 b4 9. Na2 d5 10. exd5 Nxd5 11. Be4 Bb7 12. Qf3 Nd7 13. Bg5 Nc5 14. Rfe1 Nxe4 15. Qxe4 Bd6 16. Nxe6 fxe6 17. Qxe6+ Ne7 18. Bxe7 Bxe7 19. Nxb4 Rf8 20. Re2 Rf6 21. Qg8+ Rf8 22. Qxg7 Rd8 23. Rae1 Rf7 24. Qg8+ Rf8 25. Qxh7 Rf7 26. Qg6 Kf8 27. Nxa6 Qf4 28. Qb6 Bg5 29. Nc5 Bd5 30. Nd3 Qg4 31. Qb4+ Qxb4 32. Nxb4 Bc4 33. Re5 Bh4 34. g3 Bf6 35. Rc5 Bd4 36. Rd1 Bxf2+ 37. Kg2 Rxd1 38. Rxc4 Rd2 39. Nd3 Bb6+ 40. Kh3 Bg1 41. Ne5 Rxh2+ 42. Kg4 Rg7+ 43. Kf3 Rf2+ 44. Ke4 Re7 45. Kd5 Rd2+ 46. Nd3 Ree2 47. a5 Rxc2 48. Rxc2 Rxc2 49. b4 Ke7 1/2-1/2

[Event "World School-ch U17 Girls 12th"]
[Site "Sochi"]
[Date "2016.12.11"]
[Round "9"]
[White "Todua, Anastasia"]
[Black "Toba, Andreea Valentina"]
[Result "1/2-1/2"]
[WhiteElo "1616"]
[BlackElo "1553"]
[PlyCount "89"]
[EventDate "2016.12.03"]
[EventType "swiss"]
[EventRounds "9"]
[EventCountry "RUS"]
[SourceTitle "CBM 176 Extra"]
[Source "ChessBase"]
[SourceDate "2017.03.02"]
[SourceVersion "1"]
[SourceVersionDate "2017.03.02"]
[SourceQuality "1"]

1. e4 e5 2. Nf3 Nc6 3. Bb5 a6 4. Ba4 Nf6 5. Qe2 Be7 6. c3 b5 7. Bb3 d6 8. 0-0 0-0 9. Rd1 Na5 10. Bc2 c5 11. d3 Re8 12. Nbd2 Bf8 13. Nf1 g6 14. Bg5 Bg7 15. d4 Qc7 16. dxe5 dxe5 17. Ne3 Bb7 18. Bxf6 Bxf6 19. Nd5 Qc6 20. b3 Bc8 21. Rd2 Bg7 22. Rad1 Be6 23. Ng5 Bxd5 24. Rxd5 Nb7 25. Rd7 Rad8 26. Rxd8 Rxd8 27. Rxd8+ Nxd8 28. a4 b4 29. cxb4 cxb4 30. h4 h6 31. Nf3 Ne6 32. Bd3 a5 33. Bc4 Nc5 34. Bd5 Qa6 35. Qb5 Qxb5 36. axb5 a4 37. bxa4 Nxa4 38. Bb3 Nc5 39. b6 Bf8 40. Nd2 Bd6 41. Kf1 Kf8 42. Ke2 Ke7 43. Bd5 f5 44. exf5 gxf5 45. Nc4 1/2-1/2

[Event "World School-ch U17 Girls 12th"]
[Site "Sochi"]
[Date "2016.12.10"]
[Round "8"]
[White "Toba, Andreea Valentina"]
[Black "Slessarchuk, Yelena"]
[Result "0-1"]
[WhiteElo "1553"]
[BlackElo "1673"]
[PlyCount "56"]
[EventDate "2016.12.03"]
[EventType "swiss"]
[EventRounds "9"]
[EventCountry "RUS"]
[SourceTitle "CBM 176 Extra"]
[Source "ChessBase"]
[SourceDate "2017.03.02"]
[SourceVersion "1"]
[SourceVersionDate "2017.03.02"]
[SourceQuality "1"]

1. e4 c5 2. Nf3 d6 3. d4 cxd4 4. Nxd4 Nf6 5. Nc3 a6 6. Bg5 e6 7. f4 Be7 8. Qf3 Qc7 9. 0-0-0 Nbd7 10. g4 b5 11. Bxf6 Nxf6 12. g5 Nd7 13. h4 b4 14. Nce2 Bb7 15. Ng3 Nc5 16. Kb1 Rc8 17. Bd3 Na4 18. Nb3 g6 19. Qe2 d5 20. e5 Bc6 21. Bxa6 Ra8 22. Nd4 0-0 23. Nxc6 Qxc6 24. Bb5 Qc5 25. Nf1 Nc3+ 26. bxc3 bxc3 27. Rd4 Qa3 28. Ra4 Qb2# 0-1

[Event "World School-ch U17 Girls 12th"]
[Site "Sochi"]
[Date "2016.12.04"]
[Round "2"]
[White "Toba, Andreea Valentina"]
[Black "Dogan, Sevval"]
[Result "1/2-1/2"]
[WhiteElo "1553"]
[BlackElo "1793"]
[PlyCount "78"]
[EventDate "2016.12.03"]
[EventType "swiss"]
[EventRounds "9"]
[EventCountry "RUS"]
[SourceTitle "CBM 176 Extra"]
[Source "ChessBase"]
[SourceDate "2017.03.02"]
[SourceVersion "1"]
[SourceVersionDate "2017.03.02"]
[SourceQuality "1"]

1. e4 c5 2. Nf3 Nc6 3. d4 cxd4 4. Nxd4 Nf6 5. Nc3 d6 6. f3 e6 7. Be3 Be7 8. Bc4 a6 9. Qd2 Qc7 10. 0-0-0 Ne5 11. Bb3 Nc4 12. Bxc4 Qxc4 13. g4 0-0 14. h4 b5 15. Kb1 Qc7 16. h5 Nd7 17. Bg5 Ne5 18. Bxe7 Qxe7 19. b3 Bb7 20. Qg2 Rac8 21. Nce2 Nc6 22. g5 Nxd4 23. Nxd4 Rc5 24. f4 f5 25. gxf6 Qxf6 26. Rhg1 Rf7 27. Rd2 Rxh5 28. Qg4 Rh4 29. Qxe6 Rxf4 30. Qe8+ Rf8 31. Qd7 Rxe4 32. Qxb7 Rxd4 33. Rdg2 g6 34. Rh1 Rf7 35. Qc8+ Kg7 36. Qh3 Kg8 37. Qc8+ Kg7 38. Qh3 Kg8 39. Qc8+ Kg7 1/2-1/2

[Event "ROM-ch U16 Girls"]
[Site "Calimanesti"]
[Date "2015.04.06"]
[Round "9"]
[White "Stanciu, Andreea Briana"]
[Black "Toba, Andreea Valentina"]
[Result "1-0"]
[WhiteElo "1859"]
[BlackElo "1548"]
[PlyCount "81"]
[EventDate "2015.03.30"]
[EventType "swiss"]
[EventRounds "9"]
[EventCountry "ROU"]
[SourceTitle "CBM 165 Extra"]
[Source "ChessBase"]
[SourceDate "2015.04.21"]
[SourceVersion "1"]
[SourceVersionDate "2015.04.21"]
[SourceQuality "1"]

1. e4 e5 2. Nf3 Nc6 3. Bb5 a6 4. Ba4 Nf6 5. 0-0 Be7 6. Re1 b5 7. Bb3 d6 8. c3 0-0 9. h3 Nb8 10. d4 Nbd7 11. Nbd2 Bb7 12. Bc2 Re8 13. Nf1 Bf8 14. Ng3 g6 15. Nh2 Bg7 16. f4 c5 17. dxe5 dxe5 18. f5 c4 19. Be3 Qc7 20. Qf3 Nf8 21. Bg5 Qb6+ 22. Kh1 h6 23. Be3 Qc6 24. Rf1 Kh7 25. Rf2 Re7 26. Raf1 N8d7 27. Ng4 Nxg4 28. Qxg4 g5 29. f6 Nxf6 30. Rxf6 Bxf6 31. Qf5+ Kg8 32. Qxf6 Qxf6 33. Rxf6 Kh7 34. Rxh6+ Kxh6 35. Nf5+ Kh7 36. Nxe7 f6 37. Nf5 a5 38. Nd6 Bc6 39. a4 bxa4 40. Nxc4 Bb5 41. Nb6 1-0

[Event "ROM-ch U16 Girls"]
[Site "Calimanesti"]
[Date "2015.04.01"]
[Round "3"]
[White "Toba, Andreea Valentina"]
[Black "Salim, Arzu"]
[Result "1-0"]
[WhiteElo "1548"]
[BlackElo "1571"]
[PlyCount "73"]
[EventDate "2015.03.30"]
[EventType "swiss"]
[EventRounds "9"]
[EventCountry "ROU"]
[SourceTitle "CBM 165 Extra"]
[Source "ChessBase"]
[SourceDate "2015.04.21"]
[SourceVersion "1"]
[SourceVersionDate "2015.04.21"]
[SourceQuality "1"]

1. e4 c5 2. Nf3 Nc6 3. d4 cxd4 4. Nxd4 g6 5. Nc3 Bg7 6. Be3 Nf6 7. Bc4 0-0 8. Bb3 d6 9. f3 Bd7 10. Qd2 Nxd4 11. Bxd4 b5 12. a4 b4 13. Nd5 Nxd5 14. Bxg7 Kxg7 15. exd5 a5 16. h4 Qb6 17. h5 Rh8 18. 0-0-0 Qc5 19. Rde1 Rae8 20. hxg6 hxg6 21. Rxh8 Rxh8 22. g4 Re8 23. g5 Bf5 24. Kb1 e6 25. dxe6 Bxe6 26. f4 Bd7 27. Rd1 Bg4 28. Qxd6 Qf5 29. Rd5 Qe4 30. Rxa5 Qe1+ 31. Ka2 Be6 32. Qe5+ Qxe5 33. Rxe5 Bd7 34. Rxe8 Bxe8 35. a5 Bb5 36. Bd5 Ba6 37. Kb3 1-0

[Event "ROM-ch U16 Girls"]
[Site "Calimanesti"]
[Date "2014.04.13"]
[Round "9"]
[White "Stanciu, Ioana Georgiana"]
[Black "Toba, Andreea Valentina"]
[Result "1-0"]
[WhiteElo "1789"]
[BlackElo "1489"]
[PlyCount "73"]
[EventDate "2014.04.06"]
[EventType "swiss"]
[EventRounds "9"]
[EventCountry "ROU"]
[SourceTitle "CBM 160 Extra"]
[Source "ChessBase"]
[SourceDate "2014.07.01"]
[SourceVersion "1"]
[SourceVersionDate "2014.07.01"]
[SourceQuality "1"]

1. e4 e5 2. Nf3 Nc6 3. Bb5 a6 4. Ba4 b5 5. Bb3 Nf6 6. d3 Be7 7. Nbd2 0-0 8. Nf1 Bc5 9. Be3 Bxe3 10. Nxe3 d6 11. c3 h6 12. 0-0 Be6 13. Bc2 Qd7 14. d4 exd4 15. Nxd4 Rfe8 16. Re1 Ne5 17. Nxe6 Rxe6 18. f4 Nc6 19. Qf3 Rae8 20. Nf5 Ne7 21. Nd4 Nc6 22. Nxe6 Rxe6 23. Rad1 a5 24. e5 Qe8 25. Bd3 dxe5 26. Bxb5 e4 27. Qg3 Nh5 28. Qg4 Nf6 29. Qf5 g6 30. Qh3 h5 31. Qg3 Qb8 32. Bc4 Qb6+ 33. Kh1 Re7 34. Qxg6+ Kf8 35. Qxf6 Kg8 36. Rd8+ Nxd8 37. Qxe7 1-0

[Event "ROM-ch U16 Girls"]
[Site "Calimanesti"]
[Date "2014.04.08"]
[Round "3"]
[White "Bejan, Clarisa Iustina"]
[Black "Toba, Andreea Valentina"]
[Result "1/2-1/2"]
[WhiteElo "1479"]
[BlackElo "1489"]
[PlyCount "93"]
[EventDate "2014.04.06"]
[EventType "swiss"]
[EventRounds "9"]
[EventCountry "ROU"]
[SourceTitle "CBM 160 Extra"]
[Source "ChessBase"]
[SourceDate "2014.07.01"]
[SourceVersion "1"]
[SourceVersionDate "2014.07.01"]
[SourceQuality "1"]

1. d4 d5 2. c4 e6 3. Nc3 Nf6 4. Bg5 Be7 5. Nf3 0-0 6. e3 Nbd7 7. Bd3 h6 8. Bh4 b6 9. 0-0 Bb7 10. Qe2 dxc4 11. Bxc4 Ne4 12. Bxe7 Qxe7 13. Rfd1 Ndf6 14. Nd2 Qb4 15. Ndxe4 Bxe4 16. a3 Qe7 17. Rac1 Bg6 18. Qe1 Rfd8 19. Be2 Ne4 20. Bf3 Nxc3 21. Qxc3 Rac8 22. Bb7 Rb8 23. Ba6 c5 24. h3 Rd6 25. Be2 cxd4 26. Rxd4 Rbd8 27. Rcd1 e5 28. Rxd6 Rxd6 29. Rxd6 Qxd6 30. Kh1 f6 31. Bc4+ Kh7 32. Be2 Qe6 33. Kh2 Qf5 34. Kg1 Qd7 35. h4 h5 36. g3 Kh6 37. Qc1 Be4 38. Bf1 Qg4 39. Bg2 Bxg2 40. Kxg2 Qe4+ 41. f3 Qb7 42. e4+ Kh7 43. Qd2 Qc7 44. Kh3 Qc5 45. Qg2 Qe3 46. Kh2 a5 47. Kh3 1/2-1/2

[Event "ROM-ch U16 Girls"]
[Site "Calimanesti"]
[Date "2014.04.06"]
[Round "1"]
[White "Ciungan, Diana Alexandra"]
[Black "Toba, Andreea Valentina"]
[Result "1-0"]
[WhiteElo "1772"]
[BlackElo "1489"]
[PlyCount "67"]
[EventDate "2014.04.06"]
[EventType "swiss"]
[EventRounds "9"]
[EventCountry "ROU"]
[SourceTitle "CBM 160 Extra"]
[Source "ChessBase"]
[SourceDate "2014.07.01"]
[SourceVersion "1"]
[SourceVersionDate "2014.07.01"]
[SourceQuality "1"]

1. e4 e5 2. Nf3 Nc6 3. Bb5 a6 4. Ba4 Nf6 5. 0-0 b5 6. Bb3 Be7 7. Re1 0-0 8. d4 Nxd4 9. Nxd4 exd4 10. e5 Ne8 11. Qxd4 Bb7 12. c3 c5 13. Qg4 Qb6 14. Qxd7 Bh4 15. Be3 Rd8 16. Qg4 Qc6 17. Nd2 c4 18. Bc2 f5 19. Qh3 g5 20. Nf3 f4 21. Bd4 Ng7 22. Be4 Qc8 23. Bxb7 Qxb7 24. Nxh4 gxh4 25. Qxh4 Nf5 26. Qg5+ Kh8 27. e6+ Rxd4 28. cxd4 Rg8 29. Qf6+ Qg7 30. Qxg7+ Rxg7 31. d5 Kg8 32. Rad1 Kf8 33. d6 Ke8 34. Re5 1-0

[Event "ROM-ch U10 Girls"]
[Site "Voineasa"]
[Date "2008.04.18"]
[Round "9"]
[White "Orasanu, Diana"]
[Black "Toba, Andreea Valentina"]
[Result "1-0"]
[WhiteElo "578"]
[BlackElo "434"]
[PlyCount "57"]
[EventDate "2008.04.08"]
[EventType "swiss"]
[EventRounds "9"]
[EventCountry "ROU"]
[SourceTitle "EXT 2013"]
[Source "ChessBase"]
[SourceDate "2012.11.22"]
[SourceVersion "1"]
[SourceVersionDate "2012.11.22"]
[SourceQuality "1"]

1. d4 d5 2. c4 e5 3. e3 Bb4+ 4. Nc3 Bxc3+ 5. bxc3 Nc6 6. Nf3 Qd6 7. c5 Qe6 8. Bb5 a6 9. Ba4 Nf6 10. Nxe5 b5 11. cxb6 cxb6 12. Bxc6+ Kd8 13. Bxa8 Ne4 14. Bd2 Qf5 15. 0-0 a5 16. Bxd5 Ba6 17. Bxe4 Qxe4 18. Nxf7+ Ke8 19. Nd6+ Kd7 20. Nxe4 Bb7 21. Qa4+ Kd8 22. Nd6 Bd5 23. Rab1 Kc7 24. Nb5+ Kb7 25. c4 Bf7 26. Bxa5 Kb8 27. Bxb6 Bg6 28. Qa7+ Kc8 29. Nd6# 1-0

[Event "ROM-ch U10 Girls"]
[Site "Voineasa"]
[Date "2008.04.13"]
[Round "3"]
[White "Ungureanu, Elena Alexandra"]
[Black "Toba, Andreea Valentina"]
[Result "1-0"]
[WhiteElo "542"]
[BlackElo "434"]
[PlyCount "113"]
[EventDate "2008.04.08"]
[EventType "swiss"]
[EventRounds "9"]
[EventCountry "ROU"]
[SourceTitle "EXT 2013"]
[Source "ChessBase"]
[SourceDate "2012.11.22"]
[SourceVersion "1"]
[SourceVersionDate "2012.11.22"]
[SourceQuality "1"]

1. e4 d5 2. Nc3 Nf6 3. d3 dxe4 4. dxe4 Qxd1+ 5. Kxd1 Bg4+ 6. Nf3 Bxf3+ 7. gxf3 Nc6 8. Bb5 a6 9. Bxc6+ bxc6 10. Bf4 0-0-0+ 11. Ke1 e6 12. Rd1 Rxd1+ 13. Kxd1 Bc5 14. Rg1 Rg8 15. Rg2 Rd8+ 16. Ke1 Rg8 17. Be5 Be7 18. Ne2 Kd7 19. Nd4 h6 20. Kd2 c5 21. Nb3 Kc6 22. Na5+ Kb6 23. Nc4+ Kc6 24. Ke3 g5 25. h3 Nd7 26. Bc3 Nf6 27. Ne5+ Kd6 28. Nxf7+ Kc6 29. Nxh6 Rg6 30. Nf7 Nd7 31. h4 Rg7 32. Nxg5 Rg8 33. a3 Bxg5+ 34. hxg5 Nb6 35. Kd3 Rd8+ 36. Ke2 Nc4 37. Rg1 Nd6 38. Rd1 Nf7 39. Rxd8 Nxd8 40. Bf6 Nf7 41. Kd3 Nd6 42. e5 c4+ 43. Kd2 Nf5 44. g6 Nh6 45. g7 a5 46. Bg5 Nf7 47. g8Q Nxe5 48. Qe8+ Kc5 49. Be3+ Kd6 50. Qf8+ Kc6 51. Qc5+ Kd7 52. Qxe5 a4 53. Qd4+ Ke7 54. Bg5+ Kf7 55. Qf6+ Kg8 56. Bh6 Kh7 57. Qg7# 1-0